000 00620nam a2200205 ar4500
001 1762
005 20221127090300.0
008 100213s xxka 00110 eng d
020 _a9780273716464(pbk) :
_cSR200.00
082 0 4 _a658
_bM817 2008
100 1 _aMullins, Laurie J.
245 1 0 _aEssentials of organisational behaviour /
_cLaurie Mullins.
250 _a2nd ed.
260 _aHarlow, England ;
_aNew York :
_bFT/Prentice Hall,
_c2008.
300 _axxii, 517 p. :
_bill. ;
_c27 cm.
500 _aIncludes index.
500 _aPrevious ed. : 2006.
650 4 _aOrganizational behavior.
650 4 _aManagement.
999 _c1760
_d1760